| 000 | 00432nam a2200193Ia 4500 | ||
|---|---|---|---|
| 001 | 19003 | ||
| 003 | OSt | ||
| 005 | 20251110140505.0 | ||
| 008 | 211022s9999 xx 000 0 und d | ||
| 040 | _cIVS | ||
| 082 | _a305 KAR | ||
| 100 | _aKarachi Youth Initiative | ||
| 245 | 0 | _aHumans of lyari photo book | |
| 260 | _aKarachi | ||
| 260 | _bKarachi Youth Initiative | ||
| 260 | _c2015 | ||
| 300 | _a168 | ||
| 942 |
_cBK _2ddc _n0 |
||
| 999 |
_c12557 _d12557 |
||